Abounding Grace : An Anthology of Wisdom /

-д хадгалсан:
Номзүйн дэлгэрэнгүй
Үндсэн зохиолч: Peck, M. Scott (edición)
Формат: Ном
Хэл сонгох:англи
Хэвлэсэн: Nueva York, EUA : Kansas, EUA : Ariel Books ; Andrews McMeel, 2000, c2000
Шошгууд: Шошго нэмэх
Шошго байхгүй, Энэхүү баримтыг шошголох эхний хүн болох!

MARC

LEADER 00000nam^a2200000^a^4500
001 000583150
005 20250526000000.0
009 20260310132645.012
020 |a 0-7407-1014-1 
037 |a Acervo ITESO - Biblioteca 
041 |a ING 
091 |a FCO. 00204 
100 |a Peck, M. Scott  |e (edición) 
245 1 0 |a Abounding Grace :  |b An Anthology of Wisdom / 
264 4 |a Nueva York, EUA :  |b Ariel Books ;  |a Kansas, EUA :  |b Andrews McMeel,  |c 2000, c2000 
300 |a 384 p. ;  |c 23.5 cm. 
336 |a texto  |b txt  |2 rdacontenido 
337 |a sin mediación  |b n  |2 rdamedio 
338 |a volumen  |b nc  |2 rdasoporte 
649 |a XX 
910 |a Fondo Erich Coufal Kieswetter 
920 |a Impresos - Libros 
930 |a Libros Antiguos y Raros 
905 |a 142 
901 |a 0500411754  |b IT2  |c LRA  |i D  |u 20250526 
902 |a https://opac.biblio.iteso.mx/vufind/Record/000583150